000 00657nam a2200193 i 4500
001 111582
003 ES-MaACL
005 20250822155655.0
007 t|
008 061121s1929 sp r ||||1| spa d
100 1 _aNaranjo Alonso, Clodoaldo.
_984925
245 1 0 _aSolar de conquistadores
_b: Trujillo sus hijos y monumentos /
_cpor Clodoaldo Naranjo Alonso.
250 _a2ª ed.
260 _aSerradilla ( Cáceres) :
_bEdit. Sánchez Rodrigo,
_c1929.
300 _aXVI, 583 p. :
_b`Retr. aut.` ;
_c17 cm.
651 4 _aTrujillo (Cáceres)-
_xDescripción
_99458
852 _aES-MaACL
_jF-15728
_bR.23946
999 _c111582
_d111582